movies based on real people - Statistics

General Stats
  • This quiz has been taken 22 times
  • The average score is 12 of 38
Answer Stats
person movie % Correct
Schindler Schindler's List
84%
William Wallace Braveheart
68%
Jesus Christ ( musical) Jesus christ superstar
68%
Alexander Hamilton Hamilton
63%
loosely based on Ian Fleming ( author and spy) series James Bond
63%
Myth: Robin Hood Robin hood prince of thieves
63%
Cleopatra Cleopatra
58%
man in the mask, brother of french king allegedly the Man in the iron mask
58%
Helen of Troy Troy
58%
Frank Abagnale Catch me if you can
53%
Freddie Mercury Bohemian Rhapsody
47%
Stephen Hawking The Theory of Everything
47%
J Edgar Hoover J Edgar
42%
Mary and Anne Boleyn The other Boleyn Girl
42%
lososely based on William Shakespeare's writing Romeo and juliet Shakespeare in Love
37%
Alan Turing The Imitation Game
37%
Anastasia Romanov Anastasia
32%
Edward Snowden Snowden
32%
Moses The Prince of Egypt
26%
Anne Frank The Diary of Anne Frank
21%
Winston Churchill Darkest Hour
16%
Elizabeth Elizabeth II
16%
Mary Queen of scots Mary queen of Scots
16%
Ruth Bader ginsberg On the basis of Sex
16%
Martin Luther King Selma
16%
jesus the last temptation of Christ
16%
Jane Austen Becoming Jane
11%
Joseph ( musical) Joseph and the amazing technicolor dreamcoat
11%
Lady Jane Grey Lady Jane
11%
Nikola tesla and Thomas Edison The Current war
11%
Philippe Petit ( wire walker) The Walk
11%
Hypatia Agora
5%
princess Elizabeth (queen now) after end of ww2 A Royal Night out
5%
Nelson Mandela Mandela Long walk to Freedom
5%
Odyessus Odysessy
5%
Amelia wren The Aeronauts
5%
Mother teresa ( 2015) The letters
5%
Queen Victoria Young Victoria
5%
No matching quizzes found
Score Distribution
Percent of People with Each Score
Percentile by Number Answered
Your Score History
You have not taken this quiz